[Event "GER-chT U20"]
[Site "Osnabrueck"]
[Date "2012.12.27"]
[Round "2.3"]
[White "Nitsche Hahn, Maxim"]
[Black "Perske, Thore"]
[Result "1/2-1/2"]
[WhiteElo "1821"]
[BlackElo "2050"]
[PlyCount "98"]
[EventDate "2012.12.27"]
[EventType "team-swiss"]
[EventRounds "7"]
[EventCountry "GER"]
[SourceTitle "EXT 2014"]
[Source "ChessBase"]
[SourceDate "2013.11.20"]
[SourceVersion "1"]
[SourceVersionDate "2013.11.20"]
[SourceQuality "1"]
[WhiteTeam "Vaterstetten"]
[BlackTeam "Heidesheim"]
[WhiteTeamCountry "GER"]
[BlackTeamCountry "GER"]

1. d4 Nf6 2. Nf3 g6 3. e3 Bg7 4. b3 0-0 5. Bb2 b6 6. Be2 Bb7 7. 0-0 d6 8. Nbd2 c5 9. c4 Nfd7 10. Qc2 e5 11. dxe5 dxe5 12. Rfd1 f5 13. Nb1 Qe7 14. Nc3 e4 15. Ne1 Ne5 16. Nd5 Bxd5 17. cxd5 Qd6 18. h3 Nbd7 19. Bc4 g5 20. Be2 Rad8 21. Rd2 Nf6 22. Rad1 h5 23. Bxe5 Qxe5 24. d6 g4 25. hxg4 hxg4 26. Bc4+ Kh7 27. g3 Bh6 28. Ng2 Kg7 29. Nh4 Bg5 30. Qb2 Qxb2 31. Rxb2 Bxh4 32. gxh4 Rh8 33. Rbd2 Rxh4 34. d7 Kg6 35. Be6 Kg5 36. Rd6 g3 37. fxg3 Rh3 38. Kg2 Rdh8 39. Rg1 Rh2+ 40. Kf1 Rxa2 41. d8Q Rxd8 42. Rxd8 Ng4 43. Rg8+ Kf6 44. Rxg4 fxg4 45. Bxg4 a5 46. Bd7 Rb2 47. Ba4 b5 48. Bxb5 Rxb3 49. Bc6 Rxe3 1/2-1/2

[Event "GER-chT U12"]
[Site "Verden"]
[Date "2005.12.27"]
[Round "2.2"]
[White "Nitsche Hahn, Maxim"]
[Black "Poenisch, Johannes"]
[Result "1/2-1/2"]
[WhiteElo "1431"]
[BlackElo "1268"]
[PlyCount "82"]
[EventDate "2005.12.27"]
[EventType "team-swiss"]
[EventRounds "7"]
[EventCountry "GER"]
[SourceTitle "CBM 110 Extra"]
[Source "ChessBase"]
[SourceDate "2006.03.10"]
[SourceVersion "2"]
[SourceVersionDate "2006.03.10"]
[SourceQuality "1"]

1. d4 Nf6 2. c4 g6 3. Nf3 Bg7 4. e3 d5 5. Be2 0-0 6. 0-0 Bf5 7. Nc3 c6 8. b3 Nbd7 9. Ba3 Re8 10. Bd3 Bxd3 11. Qxd3 e5 12. dxe5 Nxe5 13. Nxe5 Rxe5 14. Rad1 Rc8 15. Bb2 Re7 16. cxd5 Rd7 17. Qb1 Nxd5 18. Nxd5 Rxd5 19. Rxd5 Qxd5 20. Rd1 Qe6 21. Bxg7 Kxg7 22. Qb2+ Kg8 23. Qd2 Kg7 24. Qd4+ Kg8 25. Qxa7 Qe7 26. Qd4 Ra8 27. a4 Rb8 28. h3 h5 29. Kf1 Rf8 30. Ke2 Qa3 31. Qc3 Qe7 32. Qd3 Qb4 33. Ra1 Qa5 34. Qd2 Qe5 35. Rb1 Qe4 36. Rg1 Qe6 37. Qb4 Qd7 38. Rd1 Qc7 39. Qf4 Qb6 40. Qd4 Qxb3 41. Rd2 Qe6 1/2-1/2

[Event "GER-ch U10"]
[Site "Willingen"]
[Date "2005.05.19"]
[Round "9"]
[White "Kyas, Philipp"]
[Black "Nitsche Hahn, Maxim"]
[Result "1-0"]
[WhiteElo "1273"]
[BlackElo "1356"]
[PlyCount "85"]
[EventDate "2005.05.14"]
[EventType "swiss"]
[EventRounds "11"]
[EventCountry "GER"]
[SourceTitle "CBM 106 Extra"]
[Source "ChessBase"]
[SourceDate "2005.07.01"]
[SourceVersion "1"]
[SourceVersionDate "2005.07.01"]
[SourceQuality "1"]

1. d4 f5 2. Nf3 g6 3. Bf4 Bg7 4. e3 Nf6 5. c4 0-0 6. Bd3 d6 7. h3 Nbd7 8. Ng5 Nb8 9. Qb3 c6 10. Nf3 Kh8 11. Nc3 Qe8 12. h4 b6 13. a4 h6 14. Ke2 Nbd7 15. d5 Nc5 16. Qc2 cxd5 17. cxd5 Bb7 18. Bc4 Nce4 19. Rad1 Nxc3+ 20. bxc3 Ne4 21. Rd3 Rc8 22. Bb5 Qd8 23. Nd4 Bxd4 24. exd4 Kh7 25. Rdh3 Bxd5 26. Qc1 h5 27. Ba6 Rc7 28. c4 Ba8 29. f3 Nf6 30. Kf2 Nd7 31. Bg3 Nb8 32. Qg5 Rf7 33. Bf4 Qf8 34. Rg3 Qg7 35. Bb5 a6 36. Be8 Rf6 37. Re1 Rc8 38. Rxe7 Qxe7 39. Bxg6+ Kg8 40. Bxf5+ Kh8 41. Qxh5+ Rh6 42. Qxh6+ Qh7 43. Qxh7# 1-0

[Event "GER-ch U10"]
[Site "Willingen"]
[Date "2005.05.18"]
[Round "7"]
[White "Stuhler, Kilian"]
[Black "Nitsche Hahn, Maxim"]
[Result "1/2-1/2"]
[WhiteElo "1087"]
[BlackElo "1356"]
[PlyCount "71"]
[EventDate "2005.05.14"]
[EventType "swiss"]
[EventRounds "11"]
[EventCountry "GER"]
[SourceTitle "CBM 106 Extra"]
[Source "ChessBase"]
[SourceDate "2005.07.01"]
[SourceVersion "1"]
[SourceVersionDate "2005.07.01"]
[SourceQuality "1"]

1. e4 c5 2. Nf3 Nc6 3. d4 cxd4 4. Nxd4 g6 5. c4 Nf6 6. Nc3 Bg7 7. Be3 0-0 8. Be2 b6 9. 0-0 Bb7 10. f3 Qc8 11. b3 Rd8 12. Qd2 Nxd4 13. Bxd4 d6 14. Rac1 Nd7 15. Nd5 Bxd4+ 16. Qxd4 Re8 17. Rfd1 Qc5 18. Qxc5 Nxc5 19. Nc7 Rec8 20. Nxa8 Rxa8 21. b4 Ne6 22. g3 Rc8 23. Kf2 Bc6 24. b5 Be8 25. f4 Nc5 26. Bg4 Rb8 27. Ke3 h5 28. Bf3 f6 29. g4 hxg4 30. Bxg4 Na4 31. Be6+ Kg7 32. f5 g5 33. Rg1 Bh5 34. h4 g4 35. Kf4 Kh6 36. Rcd1 1/2-1/2